| 000 | 00584nam a22001697a 4500 | ||
|---|---|---|---|
| 003 | OSt | ||
| 005 | 20251118114815.0 | ||
| 008 | 251118b |||||||| |||| 00| 0 eng d | ||
| 040 |
_aDWCL-Main lib _cOC |
||
| 082 | _aFil. 336.2 A527t 2015 | ||
| 100 | _aAmpongan, Omar Erasmo G. | ||
| 245 |
_aCPA reviewer in taxation/ _cOmar Erasmo G. Ampongan |
||
| 260 |
_a[place of publication no identified]: _b[publishing company not identified] : _cc2015. |
||
| 300 |
_a551 pages : illustrations ; 21cm. _billustrations ; _c21cm. |
||
| 650 | _a1. Taxation | ||
| 942 |
_2ddc _cBK - FIL _kFil. _n0 |
||
| 999 |
_c5782 _d5782 |
||